| 000 | 00464cam a22001694a 4500 | ||
|---|---|---|---|
| 020 | _a069736447X (acidfree paper) | ||
| 040 | _cDLC | ||
| 082 | 0 | 0 | _a305 MCG 2000 A066 Or. |
| 100 | 1 | _aSantrock, John W. | |
| 245 | 1 | 0 | _aChildren / |
| 250 | _a6th ed. | ||
| 260 |
_aBoston : _bMcGraw-Hill, _cc2000. |
||
| 300 |
_axxx, 531, G1-9, R1-21, C1-3, NI1-8, SI1-11 p. : _bill. (some col.) ; _c28 cm. |
||
| 650 | 0 | _aChild development. | |
| 650 | 0 | _aAdolescence. | |
| 942 | _cEK | ||
| 999 |
_c14266 _d14266 |
||